Cincinnati Trivia - Statistics

General Stats
  • This quiz has been taken 331 times
    327 since last reset
  • The average score is 5 of 12
Answer Stats
Hint Answer % Correct
State That Cincinnati Is Located In Ohio
100%
MLB Team Cincinnati Reds
95%
Ballpark Of The MLB Team Great American Ballpark
77%
ECHL Hockey Team Cincinnati Cyclones
59%
Ring Road That Loops Cincinnati I-275
41%
Record High in January (F) 77
29%
Nickname of the Daniel Carter Beard Bridge Big Mac Bridge
23%
Slang For People In Cincinnati Cincinnatian
22%
This city outside Cincinnati is the 17th most conservative city in the US Mason, OH
19%
Cincinnati's First Casino Horseshoe Casino
12%
Current Mayor (D) Mark Mallory
7%
2010 Population (Nearest Thousand) 296,000
3%
No matching quizzes found
Score Distribution
Percent of People with Each Score
Percentile by Number Answered
Your Score History
You have not taken this quiz since the last reset